Manuale di comunicazione assertiva /

Uloženo v:
Podrobná bibliografie
Hlavní autor: Di Lauro, Domenico
Médium: Kniha
Jazyk:italština
Vydáno: Milano : Xenia, 2011
Edice:I libri dell'altra scienza ; 212
Tagy: Přidat tag
Žádné tagy, Buďte první, kdo vytvoří štítek k tomuto záznamu!

MARC

LEADER 00000nam a22000007i 4500
001 IT\ICCU\MIL\0806640
003 ItRI
005 20240118152924.0
008 110714s2011 it |||||| ||||| |||||c
020 |a 9788872736982 
040 |b ita  |c C 
041 7 |a ita  |2 ISO-639-2 
082 |a 153.6  |2 22 
100 1 |a Di Lauro, Domenico  |0 IT\ICCU\LO1V\349632 
240 1 0 |a Manuale di comunicazione assertiva  |9 Di Lauro, Domenico 
245 1 0 |a Manuale di comunicazione assertiva /  |c Domenico Di Lauro. 
260 |a Milano :  |b Xenia,  |c 2011 
300 |a 186 p. :  |b ill. ;  |c 21 cm 
830 2 |a I libri dell'altra scienza ;  |v 212  |0 IT\ICCU\CFI\0170257 
942 |2 ddc  |c BK 
952 |0 0  |1 0  |2 ddc  |4 0  |6 153_600000000000000_DIL_MAN  |7 1  |9 11  |a GE  |b GE  |d 2015-02-08  |l 0  |o 153.6 DIL MAN  |p 1721  |r 2023-10-31 14:51:00  |w 2023-10-31  |y BK 
952 |0 0  |1 0  |2 ddc  |4 0  |6 153_600000000000000_DIL  |7 1  |9 508  |a RM  |b RM  |d 2024-01-18  |l 0  |o 153.6 DIL  |p 102  |r 2024-01-18 15:30:19  |w 2024-01-18  |y BK 
952 |0 0  |1 0  |2 ddc  |4 0  |6 153_600000000000000_DIL_MAN  |7 1  |9 1310  |a RA  |b RA  |d 2024-05-29  |l 0  |o 153.6 DIL MAN  |p 9170  |r 2024-05-29 10:48:16  |w 2024-05-29  |y BK 
981 1 |6 z01  |a i   |b xxxe  
982 1 |6 z01  |a n 
999 |c 432  |d 432